000 00719nam a2200205Ia 4500
003 PE SENCICO BE
005 20251020182426.0
008 200515s9999 xx 000 0 und d
040 _aPE SENCICO BE
_cPE SENCICO BE
041 _aspa
082 _aR 025.48
_bE6
110 1 _aEngineers Joint Council
_92251
245 1 0 _aThesaurus of engineering terms :
_ba list of engineering terms and their relation-ships for use in vocabulary control in indexing retrieving engineering information /
_cEngineers Joint Council
250 _a1st ed.
260 _aNew York :
_bEngineers Joint Council ;
_c1964
300 _a300 p. :
_b30 cm.
650 1 0 _aTesauros
_92252
650 2 0 _aIngenierĂ­a
_91310
942 _cLIB
_2ddc
999 _c109
_d109